000 00997nam a2200217Ii 4500
003 JO-AjNU
008 230605s9999||||xx |||||||||||||| ||und||
017 _a1984/5/204
040 _aJO-AjNU
_bara
_erda
_cJO-AjNU
041 _aara
050 1 4 _aDS119.6.A2292 1984
100 3 _aتاليف العباسي، نظام عزت,
_eauthor
_921144
245 0 0 _aالسياسة الداخلية للحركة الوطنية الفلسطينية في مواجهة الإنتداب البريطاني والحركة الصهيونية 1918-1945
250 _aط1
264 3 1 _aاربد: دار هشام للنشر والتوزيع، 1984
300 _a199ص
336 _atext
_btxt
_2rdacontent
337 _aunmediated
_bn
_2rdamedia
338 _avolume
_bnc
_2rdacarrier
650 4 _a النزاع العربي الاسرائيلي- المقاومة الفلسطينية، فلسطين- تاريخ- الاحتلال البريطاني 1917-1948 ، الاحتلال الاسرائيلي 1948
_921145
999 _aA7296
_c10864
_d10864